Železobetónová stropná konštrukcia budovy

Salvato in:
Dettagli Bibliografici
Autore principale: Hrablay, Patrik (Autore)
Altri autori: Borzovič, Viktor (Relatore della tesi)
Natura: Manoscritto Libro
Lingua:slovacco
Pubblicazione: 2020
Soggetti:
Accesso online:http://is.stuba.sk/zp/portal_zp.pl?podrobnosti=143976
https://opac.crzp.sk/?fn=detailBiblioForm&sid=551040C4B46A551A4266F9C2BF23
Tags: Aggiungi Tag
Nessun Tag, puoi essere il primo ad aggiungerne!!

MARC

LEADER 00000ntm a22000003a 4500
001 stuzp79310
003 SK-STU
005 20230517111813.4
007 ta
008 150427s2015----xo-----f-mn---000-0-slo-d
040 |a STU  |b slo 
041 0 |a slo 
100 1 |a Hrablay, Patrik  |u 010110  |4 aut  |U SvF Stavebná fakulta  |T SvF Katedra betónových konštrukcií a mostov  |X 93174  |U V110  |Y 11  |7 93174 
242 0 1 |a Cast in-situ reinforced concrete slab  |y eng 
245 1 0 |a Železobetónová stropná konštrukcia budovy 
260 |c 2020 
650 4 |a zaťaženie  |2 slo 
650 4 |a moment  |2 slo 
650 4 |a výstuž  |2 slo 
650 4 |a load  |2 eng 
650 4 |a moment  |2 eng 
650 4 |a reinforcement  |2 eng 
700 1 |a Borzovič, Viktor  |u 010110  |k Z1  |4 ths  |U SvF Stavebná fakulta  |T SvF Katedra betónových konštrukcií a mostov  |X 3688  |U V110  |Y 11  |7 A000003688 
856 4 |u http://is.stuba.sk/zp/portal_zp.pl?podrobnosti=143976 
856 4 |u https://opac.crzp.sk/?fn=detailBiblioForm&sid=551040C4B46A551A4266F9C2BF23